000 00841nam a2200217 a 4500
005 20140412111347.0
008 050421s19uu xx 00 eng d
020 _a1-56899-197-5
050 _aER
_bWi63 1992
100 _aBosson, Jo-Ellen
245 _aWild and free :
_bthe story of a black-footed ferret /
_cby Jo-Ellen Bosson.
260 _aNorwalk, CT :
_bSoundprints papberbacks,
_c1992.
300 _a1 v. (unp.) ; ill.
440 _aSmithsonian Wild Heritage Collection
520 _aA black-footed ferret, bred in captivity and released in the wild, tries to evade her natural enemies while raising her young in abandoned prairie dog burrows.
650 _aBlack -footed ferret
_xJuvenile literature
650 _aFerret
_xFiction
650 _aRare animals
_xFiction
650 _aPrairie animals
_xFiction
999 _c105226
_d105226